[Event "World Amateur-ch U2000"]
[Site "Cagliari"]
[Date "2018.04.28"]
[Round "8"]
[White "Gibbs, Dominic V"]
[Black "Sanna, Yuri"]
[Result "1-0"]
[WhiteElo "1880"]
[BlackElo "1964"]
[PlyCount "129"]
[EventDate "2018.04.22"]
[EventType "swiss"]
[EventRounds "9"]
[EventCountry "ITA"]
[SourceTitle "CBM 184 Extra"]
[Source "ChessBase"]
[SourceDate "2018.06.28"]
[SourceVersion "1"]
[SourceVersionDate "2018.06.28"]
[SourceQuality "1"]

1. g3 e5 2. c4 Nc6 3. Bg2 d6 4. Nc3 Be7 5. d3 f5 6. e3 Nf6 7. Nge2 0-0 8. Rb1 Qe8 9. b4 Nd8 10. Nd5 Ne6 11. Nec3 Qf7 12. 0-0 Bd8 13. f4 Nh5 14. Bf3 g6 15. b5 Nhg7 16. Bg2 h5 17. h4 Re8 18. Rb2 Rf8 19. Re2 Ne8 20. a4 Nf6 21. Nxf6+ Bxf6 22. Nd5 Bg7 23. Bb2 Re8 24. Rfe1 a6 25. b6 c6 26. Nb4 Bd7 27. a5 Rad8 28. Qa1 Nc5 29. Qd1 e4 30. Bxg7 Kxg7 31. Rc2 exd3 32. Nxd3 Nb3 33. Qb1 Nc5 34. Nxc5 dxc5 35. Qb2+ Kh7 36. Qc3 Be6 37. Bf3 Rd7 38. Rd1 Rxd1+ 39. Bxd1 Rd8 40. Be2 Rd7 41. Kf2 Qg7 42. Qxg7+ Kxg7 43. Ke1 Kf6 44. Rd2 Ke7 45. Rxd7+ Kxd7 46. Kd2 Kd6 47. Kc3 Bd7 48. Bf3 Be6 49. Kd3 Bd7 50. e4 fxe4+ 51. Kxe4 Bf5+ 52. Ke3 Be6 53. Be2 Bf5 54. Kf2 Be6 55. g4 hxg4 56. Kg3 Ke7 57. Bxg4 Bxc4 58. f5 gxf5 59. Bxf5 Bd5 60. Kf4 Kd6 61. Bc8 Bc4 62. Bxb7 Bb5 63. Bc8 c4 64. Bf5 c5 65. h5 1-0

[Event "Porto Mannu op 9th"]
[Site "Porto Mannu"]
[Date "2017.06.06"]
[Round "4"]
[White "Sanna, Yuri"]
[Black "Lagumina, Giulio"]
[Result "0-1"]
[WhiteElo "1966"]
[BlackElo "2238"]
[PlyCount "122"]
[EventDate "2017.06.03"]
[EventType "swiss"]
[EventRounds "9"]
[EventCountry "ITA"]
[SourceTitle "CBM 178 Extra"]
[Source "ChessBase"]
[SourceDate "2017.06.22"]
[SourceVersion "1"]
[SourceVersionDate "2017.06.22"]
[SourceQuality "1"]

1. d4 g6 2. e4 Bg7 3. Nc3 c6 4. Bg5 Qb6 5. Nf3 Qxb2 6. Bd2 Qb6 7. Rb1 Qc7 8. Bc4 d6 9. 0-0 Nf6 10. e5 dxe5 11. Nxe5 0-0 12. f4 Nbd7 13. Bd3 Nd5 14. Ne4 c5 15. c3 f5 16. Bc4 N7b6 17. Bxd5+ Nxd5 18. Nxc5 b6 19. Qb3 e6 20. Ncd3 Bb7 21. Nc5 Bxe5 22. fxe5 Bc8 23. Nd3 Ba6 24. Rf3 Qc4 25. Qxc4 Bxc4 26. Nb2 Rfc8 27. Nxc4 Rxc4 28. Rb3 Rac8 29. Kf2 g5 30. Bxg5 Nxc3 31. Be3 Nxa2 32. Ra3 Rc2+ 33. Kg3 R8c7 34. Bh6 Nc3 35. Kh3 Ne4 36. d5 Kf7 37. d6 Rb7 38. Be3 Kg6 39. Rd3 Rd7 40. g4 fxg4+ 41. Kxg4 Rxh2 42. Rf4 h5+ 43. Kf3 Ng5+ 44. Kg3 Rh3+ 45. Kg2 h4 46. Rg4 Rg3+ 47. Rxg3 hxg3 48. Kxg3 Kf5 49. Bxg5 Kxg5 50. Rf3 a5 51. Rf6 a4 52. Rxe6 a3 53. Rf6 a2 54. Rf1 b5 55. Ra1 Ra7 56. e6 Kf6 57. d7 Ke7 58. Kf4 b4 59. Rd1 Ra8 60. Ke5 a1Q+ 61. Rxa1 Rxa1 0-1

[Event "Cagliari Alfa Lum op 3rd"]
[Site "Cagliari"]
[Date "2012.08.31"]
[Round "2"]
[White "Corona, Rafaele"]
[Black "Sanna, Yuri"]
[Result "0-1"]
[WhiteElo "1634"]
[BlackElo "1811"]
[PlyCount "109"]
[EventDate "2012.08.31"]
[EventType "swiss"]
[EventRounds "6"]
[EventCountry "ITA"]
[SourceTitle "EXT 2014"]
[Source "ChessBase"]
[SourceDate "2013.11.20"]
[SourceVersion "1"]
[SourceVersionDate "2013.11.20"]
[SourceQuality "1"]

1. d4 e5 2. dxe5 d6 3. e4 Nc6 4. Nf3 Bg4 5. Bb5 dxe5 6. Qxd8+ Rxd8 7. Nbd2 f6 8. 0-0 Bc5 9. Nb3 Bb6 10. c4 Bxf3 11. gxf3 Bd4 12. Nxd4 exd4 13. Bf4 Rd7 14. Bxc6 bxc6 15. c5 g5 16. Bg3 Ne7 17. Rad1 Ng6 18. Rd2 h5 19. h3 h4 20. Bh2 Kf7 21. Re1 Ne5 22. Kg2 Rb8 23. b3 Rb5 24. Red1 Rb4 25. f4 gxf4 26. Bxf4 Ke6 27. Bxe5 fxe5 28. Rd3 Rg7+ 29. Kh2 Rf7 30. Kg2 a5 31. a3 Rb5 32. Rc1 Rb8 33. Rc2 Rg8+ 34. Kf1 Rf4 35. Re2 Rgf8 36. Kg2 Kf6 37. Kf1 Kg5 38. Kg2 a4 39. b4 Kh5 40. f3 Rg8+ 41. Kh2 Rg3 42. Rf2 Kg5 43. Rf1 Kf6 44. Rf2 Ke6 45. Rf1 Kd7 46. Kh1 Rxh3+ 47. Kg2 Rg3+ 48. Kf2 Rxe4 49. Rh1 Rf4 50. Rxh4 Rgxf3+ 51. Rxf3 Rxh4 52. Ke2 Ke6 53. Rf8 Rh3 54. Rc8 Kd7 55. Rf8 0-1

[Event "Sardegna Region-ch"]
[Site "Sardara"]
[Date "2011.05.29"]
[Round "8"]
[White "Camboni, Paolo"]
[Black "Sanna, Yuri"]
[Result "1-0"]
[WhiteElo "1875"]
[BlackElo "1779"]
[PlyCount "58"]
[EventDate "2011.05.23"]
[EventType "swiss"]
[EventRounds "8"]
[EventCountry "ITA"]
[SourceTitle "EXT 2023"]
[Source "ChessBase"]
[SourceDate "2022.10.05"]
[SourceVersion "1"]
[SourceVersionDate "2022.10.05"]
[SourceQuality "1"]

1. d4 Nf6 2. c4 c5 3. d5 b5 4. cxb5 a6 5. b6 Qxb6 6. Nc3 d6 7. e4 g6 8. Nf3 Nbd7 9. Be2 Bg7 10. 0-0 0-0 11. Nd2 Qc7 12. Nc4 Nb6 13. Ne3 e5 14. f3 Nh5 15. a4 Nf4 16. a5 Nd7 17. Nc4 Nxe2+ 18. Qxe2 Rb8 19. Na4 f5 20. Nab6 fxe4 21. fxe4 Rxf1+ 22. Qxf1 Nf6 23. Qe1 Bd7 24. Qh4 Bb5 25. Bg5 Qe7 26. Rf1 Rf8 27. Nc8 Qd8 28. N8xd6 Bxc4 29. Nxc4 Qe7 1-0

[Event "Cagliari Alfa Lum op-A 2nd"]
[Site "Cagliari"]
[Date "2010.09.04"]
[Round "3"]
[White "Sanna, Yuri"]
[Black "Mallo, Danilo"]
[Result "0-1"]
[WhiteElo "1748"]
[BlackElo "1942"]
[PlyCount "84"]
[EventDate "2010.09.03"]
[EventType "swiss"]
[EventRounds "6"]
[EventCountry "ITA"]
[SourceTitle "EXT 2024"]
[Source "ChessBase"]
[SourceDate "2023.10.10"]
[SourceVersion "1"]
[SourceVersionDate "2023.10.10"]
[SourceQuality "1"]

1. e4 c5 2. Nf3 Nc6 3. d4 cxd4 4. Nxd4 g6 5. Be3 Bg7 6. c3 Nf6 7. Bd3 Ne5 8. f4 Nxd3+ 9. Qxd3 Ng4 10. h3 Nxe3 11. Qxe3 e5 12. Nb5 0-0 13. 0-0 d5 14. Rd1 exf4 15. Qc5 Qh4 16. Nc7 Bxh3 17. Qf2 Qg4 18. Nd2 d4 19. Nxa8 dxc3 20. bxc3 Bxc3 21. Kh2 Be5 22. Nf3 Bxa1 23. Rxa1 Rxa8 24. gxh3 Qe6 25. Qd4 h6 26. e5 Rc8 27. Qxf4 Rc2+ 28. Kg3 Qb6 29. Rf1 Qb2 30. Nd2 Qxa2 31. Rf2 h5 32. Qd4 Qa3+ 33. Rf3 Qe7 34. Ne4 h4+ 35. Kf4 Rg2 36. Nf6+ Kg7 37. Ke4 b6 38. Nd5 f5+ 39. Kd3 Qa3+ 40. Nc3 Qe7 41. Nd5 Qe6 42. Qc3 Qxd5+ 0-1